Top 15 des Welterweight à l’UFC - Statistiques

Statistiques générales
  • Ce quiz a été pris 1 268 fois
    216 depuis la dernière actualisation
  • Le résultat moyen est 8 sur 15
Statistiques - réponses
Classement des Welterweight(-77kg) Nom % Correct
Champion: Belal Muhammad
95%
1 Leon Edwards
92%
3. Kamaru Usman
89%
2. Shavkat Rakhmonov
77%
7. Ian Garry
74%
9. Joaquin Buckley
57%
6. Colby Covington
55%
4. Jack Della Maddalena
50%
8. Gilbert Burns
44%
5. Sean Brady
41%
13. Carlos Prates
39%
10. Geoff Neal
29%
11. Stephen Thompson
29%
12. Michael Morales
19%
14. Vicente Luque
15%
Aucun quiz correspondant
Distribution des résultats
% des personnes avec chaque résultat
Percentile par nombre de réponses
Votre historique - résultats
Vous n’avez pas pris ce quiz depuis la dernière actualisation